|
|
|
|
| LEADER |
00000nam0a2200000 4500 |
| 001 |
30541 |
| 005 |
20231030203945.0 |
| 010 |
|
|
|a 5200029813
|
| 035 |
|
|
|a (RuTPU)RU\TPU\book\30811
|
| 035 |
|
|
|a BOOK00030888
|
| 090 |
|
|
|a 30541
|
| 100 |
|
|
|a 20011209d2001 k y0rusy50 ca
|
| 101 |
0 |
|
|a ger
|a rus
|
| 102 |
|
|
|a RU
|
| 105 |
|
|
|a y e 000zy
|
| 200 |
0 |
|
|a Т. 3 : Дополнение
|
| 210 |
|
|
|d 2001
|
| 215 |
|
|
|a 365 с.
|
| 461 |
|
|
|t Большой немецко-русский словарь
|o В 3-х т.: Около 180 000 лексических единиц
|f сост.: О. И. Москальская
|v Т. 3 : Дополнение
|e 7-е изд., стереотип.
|d 2001
|p А - Я
|
| 610 |
1 |
|
|a немецкий язык
|
| 610 |
1 |
|
|a словари
|
| 610 |
1 |
|
|a лексика
|
| 686 |
|
|
|a Ш143.24-4
|v LBC/SL-A
|2 rubbk
|
| 801 |
|
0 |
|a RU
|b 63413507
|c 20011209
|g PSBO
|
| 801 |
|
2 |
|a RU
|b 63413507
|c 20210414
|g PSBO
|
| 942 |
|
|
|c BK
|